| 000 | 00000nam##2200000za#4500 |
| 001 | 9.695475 |
| 003 | CaOODSP |
| 005 | 20210624234608 |
| 007 | cr ||||||||||| |
| 008 | 150407|2010||||xxc|||||o f|0| 0 eng|d |
| 020 | |a978-1-100-19937-5 |
| 040 | |aCaOODSP|beng |
| 043 | |an-cn--- |
| 086 | 1 |aPS4-94/2010E-PDF |
| 110 | 1 |aCanada. |bPublic Safety Canada. |
| 245 | 10|aProblem-oriented policing approaches to securities fraud / |h[electronic resource]|cby Rick Linden and Stephen Schneider. |
| 260 | |aOttawa - Ontario : |bPublic Safety Canada |c2010. |
| 300 | |a61p.|bfigs. |
| 500 | |a"Report no. 002, 2010"--p. 1 of 61. |
| 504 | |aBibliography. |
| 590 | |a12-05-Supp|b2012-03-02 |
| 720 | 1 |aLinden, Rick |
| 720 | 1 |aSchneider, Stephen |
| 775 | 08|tApproches de surveillance axée sur la résolution des problèmes face aux fraudes en matière de valeurs mobilières / |w(CaOODSP)9.639611 |
| 856 | 40|ahttp://publications.gc.ca|qPDF|s587 KB|uhttps://publications.gc.ca/collections/collection_2012/sp-ps/PS4-94-2010-eng.pdf |